[Event "ch-Moscow w 2012"]
[Site "Moscow RUS"]
[Date "2012.03.21"]
[Round "5"]
[White "Fominykh,M"]
[Black "Drozdova,D"]
[Result "0-1"]
[WhiteElo "2278"]
[BlackElo "2214"]

1.d4 Nf6 2.c4 e6 3.g3 c5 4.d5 exd5 5.cxd5 b5 6.e4 Nxe4 7.Qe2 Qe7 8.Bg2 f5
9.d6 Qe6 10.g4 g6 11.gxf5 gxf5 12.Nc3 Bb7 13.Nxb5 Na6 14.Bf4 Rg8 15.Bf3 Bg7
16.Kf1 Bd5 17.Rc1 Bh6 18.Bxh6 Qxh6 19.Rd1 Qe6 20.Rxd5 Qxd5 21.Nc3 Qe6 22.Nxe4 fxe4
23.Bh5+ Kf8 24.Qxa6 Rb8 25.Qa3 Qe5 26.Bd1 Rxb2 27.Ne2 Qxd6 28.Ba4 Rb1+ 29.Nc1 Qd3+
30.Qxd3 exd3 31.Ke1 Rxc1+ 32.Bd1 c4 33.Kd2 Rb1 34.h4 Rg2 35.Kc3 d5 36.Bf3 Rxh1
37.Bxg2 Rc1+  0-1

[Event "ch-Moscow w 2012"]
[Site "Moscow RUS"]
[Date "2012.03.22"]
[Round "6"]
[White "Drozdova,D"]
[Black "Kharmunova,N"]
[Result "1-0"]
[WhiteElo "2214"]
[BlackElo "2191"]

1.d4 Nf6 2.c4 e6 3.g3 c5 4.dxc5 Bxc5 5.Bg2 Nc6 6.Nc3 O-O 7.a3 a6 8.Nf3 d5
9.cxd5 exd5 10.O-O d4 11.Na4 Ba7 12.b4 Bg4 13.Bf4 Nd5 14.Qd2 Re8 15.Rfe1 h6
16.h4 Qf6 17.Nh2 Be6 18.Rac1 Rad8 19.Nc5 Bc8 20.Bf3 Bxc5 21.Rxc5 Nxf4 22.Qxf4 Qxf4
23.gxf4 d3 24.e3 Nd4 25.Rd1 Nxf3+ 26.Nxf3 Bg4 27.Kg2 Re6 28.Rd2 b6 29.Rc7 Bh5
30.Ne5 Red6 31.Rc3 Be2 32.f3 Rd5 33.e4 R5d6 34.Kf2 f6 35.Nc6 R8d7 36.Nb8 Ra7
37.Rc8+ Kf7 38.Ke3 Kg6 39.Nc6 Rad7 40.Nb8 Rd8 41.Rxd8 Rxd8 42.Nc6 Rd7 43.Nd4 Kh5
44.Nxe2 dxe2 45.Rxe2 Kxh4 46.e5 Re7 47.Kf2 fxe5 48.Re4 Kh5 49.fxe5 Kg5 50.Ke3 Kf5
51.Kd4 Rd7+ 52.Ke3 Ke6 53.a4 Rd1 54.Kf4 Rg1 55.Rc4 g5+ 56.Ke4 Re1+ 57.Kd4 Rxe5
58.Rc6+ Kf5 59.Rxh6 a5 60.Rxb6 axb4 61.Rb5 Rxb5 62.axb5 b3 63.Kc3 Kf4 64.b6 Kxf3
65.b7 g4 66.b8=Q g3 67.Qxb3 Kf2 68.Kd2 g2 69.Qf7+ Kg3 70.Qg6+ Kf2 71.Qf5+ Kg3
72.Qg5+ Kf2 73.Qf4+ Kg1 74.Ke2 Kh1 75.Qh4+ Kg1 76.Kf3  1-0

[Event "Pobeskydi GM 2012"]
[Site "Frydek Mistek CZE"]
[Date "2012.04.02"]
[Round "1"]
[White "Cernousek,L"]
[Black "Andreev,Ed UKR"]
[Result "1/2-1/2"]
[WhiteElo "2420"]
[BlackElo "2478"]

1.d4 Nf6 2.c4 e6 3.g3 c5 4.d5 exd5 5.cxd5 d6 6.Nc3 g6 7.Bg2 Bg7 8.Nf3 O-O
9.O-O Na6 10.h3 Nc7 11.e4 Re8 12.Re1 Nd7 13.Bf4 Ne5 14.Nxe5 Bxe5 15.Bxe5 dxe5
16.Rc1 Qd6 17.Qc2 b6 18.Bf1 Bd7 19.Nd1 Nb5 20.Bxb5 Bxb5 21.Ne3 Rf8 22.Qb3 Bd7
23.Nc4 Qe7 24.h4 b5 25.Na5 c4  1/2-1/2

[Event "Pobeskydi GM 2012"]
[Site "Frydek Mistek CZE"]
[Date "2012.04.07"]
[Round "7"]
[White "Rojicek,V"]
[Black "Andreev,Ed UKR"]
[Result "1/2-1/2"]
[WhiteElo "2406"]
[BlackElo "2478"]

1.d4 Nf6 2.c4 e6 3.g3 c5 4.d5 exd5 5.cxd5 d6 6.Nc3 g6 7.Bg2 Bg7 8.Nf3 O-O
9.O-O Re8 10.Nd2 a6 11.a4 Nbd7 12.h3  1/2-1/2

[Event "Karposh Open 2012"]
[Site "Skopje MKD"]
[Date "2012.04.12"]
[Round "7.6"]
[White "Mastrovasilis,A"]
[Black "Delchev,A"]
[Result "1/2-1/2"]
[WhiteElo "2510"]
[BlackElo "2622"]

1.d4 Nf6 2.c4 e6 3.g3 c5 4.Nf3 cxd4 5.Nxd4 Qc7 6.Nc3 a6 7.Bg2 Qxc4 8.Bf4 Nc6
9.Nxc6 bxc6 10.Rc1 Qb4 11.a3 Qb7 12.Bd6 Bxd6 13.Qxd6 Qb8 14.Qc5 Qa7 15.Qd6 Qb8
16.Qc5 Qa7  1/2-1/2

[Event "Sydney International Open"]
[Site "Parramatta AUS"]
[Date "2012.04.13"]
[Round "5.5"]
[White "Praveen Kumar,C1"]
[Black "Szabo,G ROM"]
[Result "0-1"]
[WhiteElo "2343"]
[BlackElo "2553"]

1.d4 Nf6 2.c4 e6 3.g3 c5 4.d5 exd5 5.cxd5 d6 6.Nc3 g6 7.Nf3 Bg7 8.Bg2 O-O
9.O-O Re8 10.Nd2 a6 11.a4 Nbd7 12.h3 Rb8 13.Nc4 Ne5 14.Na3 Nh5 15.e4 Bd7
16.g4 Nf6 17.g5 Nh5 18.a5 b5 19.axb6 Bb5 20.Naxb5 axb5 21.Nxb5 Qxb6 22.Na3 Qb3
23.Rb1 Qxd1 24.Rxd1 Rb3 25.Be3 Reb8 26.Bf1 Ng3 27.Bf4 Nxe4 28.Nc4 Nc3 29.Nxd6 Nxb1
30.Rxb1 Rd8 31.Nc4 Nf3+ 32.Kh1 Rxd5 33.Bg2 Rd4 34.Be3 Rxc4 35.Bxf3 Rxb2 36.Ra1 Bd4
37.Ra8+ Kg7 38.Bd5 Bxe3 39.Bxc4 Rxf2 40.Rc8 Rf5 41.Rc7 Bxg5 42.Kg2 Be3 43.Re7 Rf4
44.Bd5 Bf2 45.Rc7 h5 46.Bb3 Bd4 47.Rd7 g5 48.Bd5 Kg6 49.Bc4 Rf2+ 50.Kh1 g4
51.h4 g3 52.Bd5 Rh2+  0-1

[Event "TCh-SUI National A 2012"]
[Site "Switzerland SUI"]
[Date "2012.04.15"]
[Round "2.2"]
[White "Zueger,B"]
[Black "Buss,Ra"]
[Result "1/2-1/2"]
[WhiteElo "2425"]
[BlackElo "2408"]

1.d4 Nf6 2.c4 e6 3.g3 c5 4.Nf3 cxd4 5.Nxd4 d5 6.Bg2 e5 7.Nf3 d4 8.O-O Nc6
9.e3 Be7 10.exd4 exd4 11.Bf4 O-O 12.Ne5 Qb6 13.Qb3 Na5 14.Qc2 Be6 15.b3 Nc6
16.Nxc6 bxc6 17.Nd2 Rad8 18.Qd3 Nd7 19.Nf3 c5 20.Ng5 Bxg5 21.Bxg5 Rde8 22.Rfe1 h6
23.Bf4 Bg4 24.h3 Bh5 25.g4 Bg6 26.Qd2 Nf6 27.Be5 Nd7 28.Bf4 Nf6 29.Be5 Nd7
30.Bf4  1/2-1/2

[Event "IV ch-IberoAmerican Final GpB"]
[Site "Quito ECU"]
[Date "2012.04.20"]
[Round "3.2"]
[White "Gonzalez,Be CRC"]
[Black "Rodriguez Vila,A"]
[Result "1/2-1/2"]
[WhiteElo "2427"]
[BlackElo "2518"]

1.d4 e6 2.c4 Nf6 3.g3 c5 4.Nf3 Qb6 5.Nc3 Nc6 6.d5 exd5 7.cxd5 Nd4 8.Nd2 d6
9.e3 Nf5 10.Bb5+ Bd7 11.Nc4 Qd8 12.a4 Be7 13.O-O h5 14.e4 Nd4 15.e5 dxe5
16.d6 Bf8 17.Re1 Bxd6 18.Nxd6+ Kf8 19.Bxd7 Qxd7 20.Nde4 h4 21.Nxf6 gxf6 22.Re3 hxg3
23.Rxg3 f5 24.Be3 f4 25.Bxd4 cxd4 26.Rg2 f5 27.Qd3 Re8 28.Nb5 Rg8 29.Qa3+ Re7
30.Rc1 Rxg2+ 31.Kxg2  1/2-1/2

[Event "14th Dubai Open 2012"]
[Site "Dubai UAE"]
[Date "2012.04.21"]
[Round "7.15"]
[White "Mahjoob,M"]
[Black "Zhou Weiqi"]
[Result "0-1"]
[WhiteElo "2455"]
[BlackElo "2628"]

1.d4 Nf6 2.c4 e6 3.g3 c5 4.Nf3 cxd4 5.Nxd4 Nc6 6.Bg2 Bb4+ 7.Nc3 Qb6 8.Nc2 Bxc3+
9.bxc3 O-O 10.O-O Qa5 11.Ba3 Re8 12.Bb4 Qa6 13.c5 b6 14.cxb6 axb6 15.a4 Bb7
16.Bd6 Na5 17.Bxb7 Qxb7 18.Nd4 Nc4 19.Nb5 Qc6 20.Re1 Ne4 21.Bb4 Ng5 22.e4 Nxe4
23.Ra2 Ng5 24.Nd4 Nh3+ 25.Kf1 Qh1+ 26.Ke2 Qg2 27.Kd3 Qd5 28.Qb3 Rec8 29.f4 e5
30.fxe5 Nxe5+ 31.Ke2 Rc4 32.Rd2 Nf3  0-1

[Event "14th Dubai Open 2012"]
[Site "Dubai UAE"]
[Date "2012.04.22"]
[Round "8.25"]
[White "Mahjoob,M"]
[Black "Narayanan,Sri"]
[Result "1/2-1/2"]
[WhiteElo "2455"]
[BlackElo "2378"]

1.d4 Nf6 2.c4 e6 3.g3 c5 4.d5 exd5 5.cxd5 d6 6.Nc3 g6 7.Bg2 Bg7 8.Nf3 O-O
9.O-O Re8 10.Nd2 a6 11.a4 Nbd7 12.h3 Rb8 13.a5 b5 14.axb6 Nxb6 15.Qc2 Nfd7
16.Rd1 Ne5 17.Nde4 Qe7 18.Bg5 f6 19.Bc1 Nf7 20.Nd2 f5 21.e3 Ne5 22.Na4 Nxa4
23.Rxa4 Qb7 24.Ra3 Bd7 25.f4 Nf7 26.Nc4 Bb5 27.Na5 Qd7 28.Bf3 Kh8 29.Kh2 Nh6
30.Rg1 Ng8 31.g4 Nf6 32.gxf5 Qxf5 33.Qxf5 gxf5 34.Rg5 h6 35.Rg2 Ne4 36.Bh5 Rf8
37.Ra2 Bf1 38.Rg1 Bd3 39.b3 Nf6 40.Rxg7 Kxg7 41.Rg2+ Kh7 42.Bg6+ Kh8 43.Bb2 Be4
44.Rg1 Rb5 45.Bc3 Rxa5 46.Bxa5 Nxd5 47.h4 Rb8 48.Bf7 Rxb3 49.Rg6 Rxe3 50.Bxd5 Re2+
51.Kg1 Kh7 52.Rxd6 Rg2+ 53.Kf1 Rg4 54.Rd7+ Rg7 55.Bxe4 fxe4 56.Rd5 Rg4 57.f5 Rxh4
58.Ke2 Rh3 59.Rxc5 Rf3 60.Bd8 h5 61.f6 Kg6 62.Re5 Rf4 63.Re8 a5 64.Rg8+ Kf7
65.Rg5 a4 66.Rxh5 a3 67.Ra5 Rf3 68.Ra7+ Kg6 69.Be7 Rh3 70.Bxa3 Kxf6 71.Ra5 Ke6
72.Bc1 Rd3 73.Bb2 Rd5 74.Ra8 Rd3 75.Re8+ Kf5 76.Rf8+ Ke6 77.Re8+ Kf5 78.Rf8+ Ke6
79.Rf6+ Kd5 80.Rf5+ Kd6 81.Bc1 Rd5 82.Rf8 Rd3 83.Bf4+ Ke6 84.Re8+ Kf5 85.Bh2 Rd5
86.Rf8+ Ke6 87.Ke3 Rc5 88.Kxe4 Rc4+ 89.Kd3 Rc6 90.Bg1 Rd6+ 91.Bd4 Rc6 92.Ke4 Rd6
93.Be5 Rc6 94.Kd4 Ke7 95.Rh8 Ke6 96.Rf8 Ke7 97.Rf2 Ke6 98.Rf1 Rc8 99.Rf6+ Ke7
100.Ra6 Rd8+ 101.Ke4 Rd7 102.Bf6+ Kf7 103.Kf5 Rd5+ 104.Be5 Rd7 105.Rh6 Re7
106.Bd6 Rd7 107.Rf6+ Kg8 108.Ke6 Rg7 109.Rf8+ Kh7 110.Be5 Rg8 111.Rf1 Kg6
112.Bf6 Re8+ 113.Be7 Rg8 114.Rh1 Rg7 115.Bf8 Rg8 116.Be7 Rg7 117.Rf1 Rg8
118.Rf5 Rg7 119.Rf8 Kh7 120.Kf6 Rg6+ 121.Kf5 Rg8 122.Rf6 Rg7 123.Bd6 Kg8
124.Rf8+ Kh7 125.Re8 Rf7+ 126.Kg5 Rg7+ 127.Kh5 Rg8 128.Bf8 Rg3 129.Re7+ Kg8
130.Bh6 Rc3 131.Rg7+ Kh8 132.Rd7 Rc6 133.Bf8 Kg8 134.Bd6 Rc2 135.Kh6  1/2-1/2

[Event "3rd LUC Open"]
[Site "Lille FRA"]
[Date "2012.04.23"]
[Round "1.4"]
[White "Sumets,A"]
[Black "Weill,R"]
[Result "1-0"]
[WhiteElo "2587"]
[BlackElo "2203"]

1.d4 Nf6 2.c4 e6 3.g3 c5 4.Nf3 cxd4 5.Nxd4 a6 6.Bg2 Qc7 7.b3 Bb4+ 8.Bd2 Bxd2+
9.Qxd2 O-O 10.Nc3 d6 11.Rc1 Nbd7 12.O-O Rd8 13.Rfd1 Nf8 14.Nc2 Ng6 15.Qd4 Rb8
16.Nb4 Ne7 17.Na4 b6 18.c5 Nf5 19.Qd2 b5 20.cxd6 Qxd6 21.Qe1 bxa4 22.Rxd6 Rxd6
23.e4 Nd4 24.e5 Rd8 25.exf6 Rxb4 26.Rxc8  1-0

[Event "Historical Melaka Op"]
[Site "Melaka MAS"]
[Date "2012.04.24"]
[Round "3"]
[White "Zulkipli,Z"]
[Black "Praveen Kumar,C1"]
[Result "0-1"]
[WhiteElo "2066"]
[BlackElo "2343"]

1.d4 e6 2.c4 Nf6 3.g3 c5 4.d5 exd5 5.cxd5 d6 6.Nc3 g6 7.Bg2 Bg7 8.Nf3 O-O
9.O-O a6 10.a4 Nbd7 11.h3 Rb8 12.Bf4 Qc7 13.Rc1 Nh5 14.Be3 Ne5 15.g4 Nxf3+
16.exf3 Nf6 17.Qd2 Bd7 18.Rfe1 b5 19.axb5 Bxb5 20.Bg5 Nd7 21.f4 c4 22.f5 Nc5
23.f6 Bh8 24.Nxb5 axb5 25.Re7 Qd8 26.Rce1 b4 27.Bf1 c3 28.bxc3 b3 29.Bd3 Nxd3
30.Qxd3 b2 31.Rb1 Qc8 32.Re2 Rb3 33.Rc2 Qb7 34.Kh2 Rb8 35.Re2 Qc8 36.Re3 h6
37.Bh4 g5 38.Bxg5 hxg5 39.Rf3 Qe8 40.Qd2 Bxf6 41.Kg2 Bg7 42.Qxg5 Qe5 43.Qd2 Rxc3
44.Rxb2 Rxb2 45.Qxb2 Qe4  0-1

[Event "8th World Schools U17"]
[Site "Iasi ROU"]
[Date "2012.04.28"]
[Round "1.3"]
[White "Munteanu,A"]
[Black "Bida,M"]
[Result "0-1"]
[WhiteElo "1916"]
[BlackElo "2204"]

1.d4 Nf6 2.c4 e6 3.g3 c5 4.d5 exd5 5.cxd5 b5 6.e4 Nxe4 7.Qe2 Qe7 8.Bg2 Nd6
9.Be3 Bb7 10.Bxc5 Na6 11.Bxd6 Qxe2+ 12.Nxe2 Bxd6 13.O-O O-O 14.Nbc3 Nc7 15.Rac1 f5
16.Nd4 a6 17.a3 Rac8 18.b4 Na8 19.f4 Nb6 20.Rfe1 g6 21.Nf3 Rc7 22.Nd2 Rfc8
23.Ne2 Rxc1 24.Nxc1 Bxd5 25.Bxd5+ Nxd5 26.Ndb3 Nf6 27.Rd1 Bb8 28.Nc5 d6 29.Nb7 Ng4  0-1

[Event "FSIM May 2012"]
[Site "Budapest HUN"]
[Date "2012.05.05"]
[Round "1"]
[White "Wang Xinyue"]
[Black "Tesik,C"]
[Result "0-1"]
[WhiteElo "2041"]
[BlackElo "2339"]

1.d4 Nf6 2.c4 e6 3.g3 c5 4.d5 exd5 5.cxd5 d6 6.Nc3 g6 7.Bg2 Bg7 8.Nf3 O-O
9.O-O a6 10.a4 Nbd7 11.Nd2 Ne8 12.Nc4 Nb6 13.Nd2 Bd7 14.e4 Rb8 15.Re1 Nc7
16.f4 Re8 17.h3 Nc8 18.a5 b5 19.axb6 Nxb6 20.Nf3 Nb5 21.Rxa6 Nxc3 22.bxc3 Qc8
23.Ra7 Bxh3 24.Bxh3 Qxh3 25.Kf2 Qc8 26.Qd3 c4 27.Qd2 Qc5+ 28.Qe3 Bxc3 29.Re2 Rxe4
30.Qxc5 Rxe2+ 31.Kxe2 dxc5 32.d6 Rd8 33.Be3 Bb4 34.Ng5 Rxd6 35.Nxf7 Rd7 36.Rxd7 Nxd7
37.Nd6 Nb6 38.Ne4 Na4 39.Kd1 Nc3+ 40.Nxc3 Bxc3 41.Bxc5 h5 42.Ke2 Kf7 43.Kf3 Bd2
44.Ke4 h4 45.f5 g5 46.Kd4 c3 47.Bb4 Be1 48.Ba3 Bxg3  0-1

[Event "30th Liechtenstein Open 2012"]
[Site "Triesen LIE"]
[Date "2012.05.13"]
[Round "3.2"]
[White "Wagner,De"]
[Black "Bogner,S"]
[Result "0-1"]
[WhiteElo "2424"]
[BlackElo "2569"]

1.d4 Nf6 2.c4 e6 3.g3 c5 4.d5 exd5 5.cxd5 d6 6.Nc3 g6 7.Bg2 Bg7 8.Nf3 O-O
9.O-O a6 10.a4 Re8 11.h3 Nbd7 12.Bf4 Qc7 13.Rc1 Nh5 14.Bd2 Rb8 15.b4 Qb6
16.bxc5 Nxc5 17.g4 Nf6 18.Bf4 Nfe4 19.Nxe4 Nxe4 20.e3 Qa5 21.Rc4 Bd7 22.Qc2 f5
23.gxf5 gxf5 24.Nd4 Qxd5 25.Rd1 Rbc8 26.Bf1 Qf7 27.f3 Nc5 28.Rd2 Kh8 29.Rg2 b5
30.axb5 axb5 31.Rc3 b4 32.Rc4 b3 33.Qd1 Be5 34.Bxe5+ dxe5 35.f4 Rg8 36.fxe5 Rxg2+
37.Kxg2 Qg7+ 38.Kf3 Qxe5 39.Rxc5 Rxc5 40.Qxb3 f4 41.Qa3 fxe3 42.Qxe3 Qf6+
43.Kg2 Rg5+ 44.Kh2 Qxf1 45.Qxg5 Qf2+ 46.Kh1 Qxd4 47.Qd8+ Kg7 48.Qg5+ Kf8
49.Qh6+ Ke8 50.Qh5+ Kd8 51.Qa5+ Kc8 52.Qa8+ Kc7 53.Qa5+ Kb7  0-1

[Event "6th Wunsiedel Open"]
[Site "Wunsiedel GER"]
[Date "2012.05.17"]
[Round "2"]
[White "Ruecker,Be"]
[Black "Howell,D"]
[Result "0-1"]
[WhiteElo "2254"]
[BlackElo "2607"]

1.d4 Nf6 2.c4 e6 3.g3 c5 4.d5 exd5 5.cxd5 d6 6.Nc3 g6 7.Nf3 Bg7 8.Nd2 O-O
9.Nc4 b6 10.Bf4 Ba6 11.Nxd6 g5 12.Be5 Nbd7 13.Bxf6 Qxf6 14.Nde4 Qg6 15.h4 Rae8
16.h5 Qh6 17.Qd2 Ne5 18.O-O-O f5 19.Nxg5 Nc4 20.Qf4 Be5 21.Qh4 Bf6 22.f4 Nxb2
23.Kxb2 Re3 24.Rc1 Qg7 25.Kb1 Qd7 26.Ne6 Rxc3 27.Rxc3 Qxd5 28.Nxf8 Bxc3 29.Bg2 Qd2
30.Qg5+ Bg7 31.Bd5+ Qxd5  0-1

[Event "ch-CZE 2012"]
[Site "Kouty nad Desnou CZE"]
[Date "2012.05.18"]
[Round "7"]
[White "Biolek,R1"]
[Black "Stocek,J"]
[Result "1-0"]
[WhiteElo "2412"]
[BlackElo "2595"]

1.d4 Nf6 2.c4 e6 3.g3 c5 4.d5 exd5 5.cxd5 b5 6.Nf3 d6 7.e4 a6 8.a4 Be7 9.axb5 Nxe4
10.Bd3 Nf6 11.Nc3 O-O 12.O-O Bb7 13.Re1 axb5 14.Rxa8 Bxa8 15.Bxb5 Nbd7 16.Qe2 Re8
17.Bg5 Kf8 18.Qd3 h6 19.Bxf6 Bxf6 20.Ra1 Qc7 21.Qf5 Ke7 22.Qxd7+  1-0

[Event "Albena Masters Open 2012"]
[Site "Albena BUL"]
[Date "2012.05.26"]
[Round "1.10"]
[White "Zalkind,K"]
[Black "Li Shilong"]
[Result "1/2-1/2"]
[WhiteElo "2197"]
[BlackElo "2553"]

1.d4 Nf6 2.c4 e6 3.g3 c5 4.d5 exd5 5.cxd5 d6 6.Bg2 g6 7.Nf3 Bg7 8.Nc3 O-O
9.O-O Nbd7 10.Nd2 Re8 11.h3 a6 12.a4 Rb8 13.Nc4 Nb6 14.Na3 Bd7 15.a5 Nc8
16.Nc4 Bb5 17.Qb3 Bxc4 18.Qxc4 Nd7 19.Bd2 Ne5 20.Qa2 Na7 21.Ne4 Nb5 22.e3 Rc8
23.Bc3 c4 24.Nd2 Nxc3 25.bxc3 Rc5 26.Rfb1 Qc7 27.Ne4  1/2-1/2

[Event "4th GM POL-UKR Match"]
[Site "Lublin POL"]
[Date "2012.05.27"]
[Round "4"]
[White "Swiercz,D"]
[Black "Kryvoruchko,Y"]
[Result "1-0"]
[WhiteElo "2585"]
[BlackElo "2676"]

1.d4 Nf6 2.c4 e6 3.g3 c5 4.d5 exd5 5.cxd5 d6 6.Nc3 g6 7.Bg2 Bg7 8.Nf3 O-O
9.O-O Re8 10.Nd2 Nbd7 11.h3 a6 12.a4 Rb8 13.Nc4 Nb6 14.Na3 Bd7 15.a5 Nc8
16.Nc4 Bb5 17.Qb3 Na7 18.Re1 Bxc4 19.Qxc4 Qd7 20.Bd2 Nb5 21.e3 Re7 22.Rab1 Rbe8
23.e4 Nh5 24.g4 Nf6 25.Qd3 h6 26.f4 Nh7 27.Na4 Bd4+ 28.Kh1 Nf6 29.Nb6 Qd8
30.Nc4 Kg7 31.Bf3 Nd7 32.Kg2 Kh7 33.h4 Kg7 34.g5 Rh8 35.Rh1 Ree8 36.Rbe1 Rh7
37.Bg4 Reh8 38.Qg3 hxg5 39.hxg5 f6 40.Rxh7+ Rxh7 41.gxf6+ Nxf6 42.Bf5 Rh6
43.Be6 Nh5 44.Qg4 Nf6 45.Qg3 Nh5 46.Qg4 Nf6 47.Qf3 Qh8 48.Bh3 Bf2 49.Rh1 Bh4
50.e5 dxe5 51.fxe5 Rh5 52.Be6 Nd4 53.exf6+  1-0

[Event "Alushta Summer 1 2012"]
[Site "Alushta UKR"]
[Date "2012.06.07"]
[Round "7"]
[White "Iljin,T"]
[Black "Kovalev,An"]
[Result "1/2-1/2"]
[WhiteElo "2482"]
[BlackElo "2471"]

1.d4 Nf6 2.c4 e6 3.g3 c5 4.d5 exd5 5.cxd5 d6 6.Bg2 g6 7.Nc3 Bg7 8.Nf3 O-O
9.O-O a6 10.a4 Re8 11.Nd2 Nbd7 12.Nc4 Nb6 13.Na3 Bd7 14.a5 Nc8 15.Nc4 Bb5
16.Qb3 Bxc4 17.Qxc4 b5 18.axb6 Nxb6  1/2-1/2

[Event "19th Metropolitan IM"]
[Site "Los Angeles USA"]
[Date "2012.06.08"]
[Round "5"]
[White "King,Alexander B"]
[Black "Kudryavtsev,V"]
[Result "1-0"]
[WhiteElo "2211"]
[BlackElo "2142"]

1.d4 Nf6 2.c4 e6 3.g3 c5 4.d5 exd5 5.cxd5 b5 6.Bg2 d6 7.a4 b4 8.Nd2 Nbd7
9.Nc4 Ba6 10.Qc2 Bxc4 11.Qxc4 Be7 12.a5 O-O 13.Nf3 Re8 14.O-O Bf8 15.Nd2 g6
16.b3 Bh6 17.e3 Rb8 18.h3 Qe7 19.Bb2 Rec8 20.Rfe1 Ne8 21.f4 Nc7 22.e4 Nb5
23.Nf3 Nc3 24.e5 dxe5 25.fxe5 Re8 26.e6 fxe6 27.Rxe6 Qf7 28.Rae1 Nf8 29.Rxe8 Rxe8
30.Ne5 Qf6 31.d6+ Kg7 32.Qxc5 Bd2 33.Qxa7+ Kg8 34.Rf1 Qxe5 35.Qf7+ Kh8 36.Bd5 Qxg3+
37.Bg2 Qe5 38.Kh1 Qe6 39.Qxe6 Nxe6 40.a6 Be3 41.Re1 Nf4 42.Rxe3 Rxe3 43.d7  1-0

[Event "OKU Open GpA 2012"]
[Site "Utrecht NED"]
[Date "2012.06.10"]
[Round "5.5"]
[White "Balje,J"]
[Black "Burg,T"]
[Result "0-1"]
[WhiteElo "2175"]
[BlackElo "2469"]

1.d4 Nf6 2.c4 e6 3.g3 c5 4.d5 exd5 5.cxd5 b5 6.a4 b4 7.Bg2 d6 8.Nd2 Ba6 9.Qc2 Nbd7
10.Nc4 Nb6 11.Nxb6 axb6 12.e4 g6 13.b3 Bg7 14.Bb2 O-O 15.Ne2 Re8 16.Rd1 Nxe4
17.Bxe4 Bxb2 18.Bd3 Bc3+ 19.Kf1 Bg7 20.Bxa6 Rxa6 21.Kg2 b5 22.axb5 Rb6 23.Rhe1 Rxb5
24.Nf4 Ra5 25.h4 Ra7 26.Re2 Bc3 27.Qd3 Rae7 28.Qa6 Rxe2 29.Nxe2 Bg7 30.Nf4 Qe7
31.Kg1 Bd4 32.Rc1 Bxf2+  0-1

[Event "26th Pula Open"]
[Site "Pula CRO"]
[Date "2012.06.12"]
[Round "5.14"]
[White "Dugandzic,B"]
[Black "Aguettaz,M"]
[Result "0-1"]
[WhiteElo "2224"]
[BlackElo "2443"]

1.d4 Nf6 2.c4 e6 3.g3 c5 4.d5 exd5 5.cxd5 b5 6.Bg2 d6 7.e4 Nbd7 8.Ne2 g6
9.a4 b4 10.O-O Bg7 11.Bf4 Qe7 12.Nd2 Ba6 13.Re1 O-O 14.Qc2 Ng4 15.Rad1 g5
16.Be3 Nxe3 17.fxe3 Ne5 18.Nc1 c4 19.Nf3 Nxf3+ 20.Bxf3 Qf6 21.Qg2 Qxb2 22.Ne2 c3
23.h4 c2 24.Rd2 Bxe2 25.Qxe2 c1=Q 26.Rxb2 Qxb2  0-1

[Event "ch-FIN 2012"]
[Site "Helsinki FIN"]
[Date "2012.06.21"]
[Round "11"]
[White "Torkkola,Henri"]
[Black "Agopov,M"]
[Result "0-1"]
[WhiteElo "2127"]
[BlackElo "2452"]

1.d4 Nf6 2.c4 e6 3.g3 c5 4.Nf3 cxd4 5.Nxd4 Nc6 6.Bg2 Bc5 7.Nb3 Be7 8.O-O d6
9.Nc3 O-O 10.Nd4 Ne5 11.b3 a6 12.Bb2 Qc7 13.Rc1 Bd7 14.e4 Rfd8 15.Qe2 Ng6
16.Rfd1 Rac8 17.h3 Qc5 18.Kh2 h5 19.Nf5 exf5 20.Nd5 Nxe4 21.Bd4 Qa3 22.f3 Bg5
23.fxe4 Bxc1 24.exf5 Bxf5 25.Qxh5 Bc2 26.Rf1 Rf8 27.Nf6+ gxf6 28.Rxf6 Ne5
29.Bd5 Qxa2 30.Rf2 Bg6 31.Qd1 Qb1 32.Bxe5 dxe5 33.Qg4 Rcd8 34.h4 Rxd5 35.cxd5 Be3  0-1

[Event "65th ch-RUS HL"]
[Site "Tyumen RUS"]
[Date "2012.06.23"]
[Round "7"]
[White "Sjugirov,S"]
[Black "Bocharov,D"]
[Result "1-0"]
[WhiteElo "2625"]
[BlackElo "2600"]

1.d4 Nf6 2.c4 e6 3.g3 c5 4.d5 exd5 5.cxd5 b5 6.Nf3 g6 7.e4 Nxe4 8.Bd3 f5
9.Nc3 Nxc3 10.bxc3 Bg7 11.O-O O-O 12.Bxb5 h6 13.Bf4 a6 14.Ba4 d6 15.h4 Kh7
16.Qc2 Rg8 17.Kg2 Bf6 18.Rh1 Kg7 19.Qd2 Rh8 20.Rab1 Qc7 21.Qb2 Nd7 22.Bxd7 Qxd7
23.Qb6 Rd8 24.Qa5 c4 25.Rb6 Qc7 26.Rhb1 Ra7 27.Be3 f4 28.Bxf4 Bf5 29.Re1 Rd7
30.Qb4 a5 31.Qb5 Bxc3 32.Rc1 Bf6 33.Rxc4 Qd8 34.Rcc6 Be4 35.Rxd6 Be7 36.Re6 Bf5
37.Rb8  1-0

[Event "Teplice Open 2012"]
[Site "Teplice CZE"]
[Date "2012.06.24"]
[Round "9.3"]
[White "Vorobiov,E"]
[Black "Womacka,M"]
[Result "1/2-1/2"]
[WhiteElo "2581"]
[BlackElo "2427"]

1.d4 Nf6 2.c4 e6 3.g3 c5 4.d5 exd5 5.cxd5 d6 6.Nc3 g6 7.Bg2 Bg7 8.Nf3 O-O
9.O-O Nbd7 10.a4 a6 11.h3 Rb8 12.a5 b5 13.axb6 Nxb6 14.Nd2 Nfd7 15.Qc2 f5
16.Nb3 Nc4 17.Nb1 Rb4 18.Ra2 Nf6 19.N1d2 Nb6 20.Na5 Nfxd5 21.Ndc4 Qc7 22.Nxb6 Nxb6
23.Bd2 Rb5 24.Nc4 Be6 25.b3 Rxb3 26.Qxb3 Bxc4 27.Qb1 Bxa2 28.Qxa2+ Kh8 29.Qxa6 Nd7
30.Ba5 Qb8 31.Rd1 Be5 32.e3 Qb3 33.Rxd6 Nf6 34.Re6 Qb2 35.f4 Bc3 36.Bxc3 Qxc3
37.Qd6 Rf7 38.Re7 Ne4 39.Bxe4 Qxe3+ 40.Kf1 Qc1+ 41.Kf2 Qb2+ 42.Kf3 fxe4+
43.Rxe4 Qc3+ 44.Re3 Qd4 45.Qxd4+ cxd4 46.Re8+ Kg7 47.Rd8 g5 48.Rxd4 gxf4
49.gxf4 Kf6 50.Rd6+ Kf5 51.Rd5+ Kf6 52.Kg4 Rg7+ 53.Rg5 Ra7 54.Rf5+ Kg6 55.h4 Ra1
56.h5+ Kg7 57.Rb5 Rh1 58.Rb7+ Kh6 59.Rb6+ Kg7 60.Kg5 h6+ 61.Kg4 Rh2 62.Rb1 Kf6
63.Rb6+ Kg7 64.Rc6 Rh1 65.Ra6 Rh2 66.Ra7+ Kf6 67.Ra6+ Kg7 68.Kf5 Rxh5+ 69.Ke6 Rb5
70.f5 Rb7  1/2-1/2

[Event "Stockholm Master Open 2012"]
[Site "Stockholm SWE"]
[Date "2012.06.28"]
[Round "1.13"]
[White "Lindgren,P"]
[Black "Wenzel,B"]
[Result "1-0"]
[WhiteElo "2230"]
[BlackElo "2038"]

1.d4 Nf6 2.c4 e6 3.g3 c5 4.d5 exd5 5.cxd5 b5 6.Nf3 Bb7 7.e4 Nxe4 8.Bd3 Bxd5
9.O-O Be7 10.Re1 Nf6 11.Nc3 Bxf3 12.Qxf3 Nc6 13.Nxb5 O-O 14.Bf4 d5 15.Rad1 Qd7
16.Bc4 d4 17.Nc7 Rac8 18.Bb5 Bd6 19.Nd5 Nxd5 20.Qxd5 Rfd8 21.Bxd6 Qxd6 22.Re8+  1-0

[Event "40th TCh-GRE 2012"]
[Site "Achaea GRE"]
[Date "2012.07.02"]
[Round "4.16"]
[White "Sarandos,V"]
[Black "Megalios,K"]
[Result "1-0"]
[WhiteElo "2241"]
[BlackElo "2073"]

1.d4 Nf6 2.c4 e6 3.g3 c5 4.Nf3 cxd4 5.Nxd4 d5 6.Bg2 e5 7.Nf3 d4 8.O-O Nc6
9.e3 d3 10.Qa4 Nd7 11.Nfd2 Be7 12.Bxc6 bxc6 13.Qxc6 Rb8 14.Qd5 Nc5 15.Qxd8+ Bxd8
16.b3 f5 17.Bb2 Bf6 18.Nf3 Nd7 19.Nbd2 Bb7 20.Rfe1 Bxf3 21.Nxf3 e4 22.Bxf6 Nxf6
23.Nd2 Ke7 24.Rab1 a5 25.a3 Rb7 26.Rec1 Nd7 27.c5 Rc8 28.b4 axb4 29.axb4 Rb5
30.Nc4 Rcb8 31.c6 Ne5 32.Nxe5 Rxe5 33.Rc4 Kd6 34.c7 Rc8 35.Rbc1 Rd5 36.Kf1 Kd7
37.R4c3 h5 38.h4 Kd6 39.Rc6+ Ke5 40.R6c4 Kd6 41.Rc6+ Ke7 42.R1c5 Rxc5 43.Rxc5 g6
44.b5 Kd6 45.b6 Kxc5 46.b7 Rxc7 47.b8=Q Rc6 48.Qe5+ Kb6 49.Ke1 Rc1+ 50.Kd2 Rc2+
51.Kd1 Rc6 52.Qd5 Kc7 53.f3 exf3 54.Qxf3 Rc4 55.Kd2 Kd6 56.Kxd3 Rg4 57.Ke2 Ke6
58.Qc6+ Kf7 59.Kf3 Kg7 60.Qd7+ Kf6 61.Qd6+ Kf7 62.Qe5 Kf8 63.Qe6 Kg7 64.Qe7+ Kh6
65.Qf8+ Kh7 66.Qf7+ Kh8 67.Kf2  1-0

[Event "7th Wroclaw Open A"]
[Site "Wroclaw POL"]
[Date "2012.07.02"]
[Round "1.10"]
[White "Dobrowolski,P"]
[Black "Zmarzly,A"]
[Result "1-0"]
[WhiteElo "2426"]
[BlackElo "2049"]

1.d4 Nf6 2.c4 e6 3.g3 c5 4.d5 exd5 5.cxd5 d6 6.Nc3 g6 7.Bg2 Bg7 8.Nf3 O-O
9.O-O a6 10.a4 Re8 11.Nd2 Nbd7 12.h3 Qc7 13.Nc4 Rb8 14.Bf4 Bf8 15.a5 b5 16.axb6 Nxb6
17.Na5 Bb7 18.Qd3 c4 19.Qd2 Nfd7 20.Bh6 Be7 21.Rfc1 Nc5 22.Qd4 f6 23.Nxc4 Nb3
24.Qxb6 Qxb6 25.Nxb6 Nxa1 26.Rxa1 g5 27.h4 Kf7 28.hxg5 fxg5 29.f4 Bc8 30.Nxc8 Rexc8
31.Rxa6 Rxb2 32.Rc6 Rg8 33.Bxg5 Bxg5 34.fxg5 Ke7 35.Rc7+ Kd8 36.Rxh7 Rxg5
37.Kf2 Rb3 38.Ne4 Rxd5 39.Bh3 Re5 40.Rd7+ Ke8 41.Nxd6+ Kf8 42.Rf7+ Kg8 43.Rf5 Re7
44.Bg2 Rb2 45.Bf3 Rd2 46.Ne4 Rb2 47.g4 Kg7 48.Rg5+ Kh6 49.Rg8 Rxe4 50.Bxe4 Rxe2+
51.Kf3 Rf2+ 52.Kg3 Rf1 53.g5+  1-0

[Event "40th TCh-GRE 2012"]
[Site "Achaea GRE"]
[Date "2012.07.05"]
[Round "7.3"]
[White "Gavrilidis,G"]
[Black "Skembris,S"]
[Result "0-1"]
[WhiteElo "2135"]
[BlackElo "2460"]

1.d4 Nf6 2.c4 e6 3.g3 c5 4.d5 exd5 5.cxd5 d6 6.Nc3 g6 7.Bg2 Bg7 8.Nf3 O-O
9.O-O Re8 10.h3 a6 11.a4 Nbd7 12.Nd2 Rb8 13.Nc4 Nb6 14.Na3 Na8 15.Nc4 Nb6
16.Na3 Bf5 17.a5 Nc8 18.Nc4 Bd7 19.Re1 Bb5 20.Qb3 Bxc4 21.Qxc4 Nd7 22.Bd2 Ne5
23.Qa2 f5 24.f4 Nf7 25.e4 fxe4 26.Nxe4 Na7 27.b4 cxb4 28.Bf1 b3 29.Qa3 Nb5
30.Bxb5 axb5 31.Rab1 Qc8 32.Qxb3 Qxh3 33.Qd3 g5 34.Nf2 Rxe1+ 35.Rxe1 Qd7
36.Bc3 gxf4 37.gxf4 Nh6 38.Re3 Nf5 39.Re6 Rf8 40.Ne4 b4 41.Nf6+ Bxf6 42.Bxf6 Rxf6
43.Rxf6 Qg7+ 44.Kf1 Qxf6 45.Qb5 Qa1+ 46.Kg2 Ne3+ 47.Kf3 Qf1+  0-1